000 00492nam a22001577a 4500
008 220401b |||||||| |||| 00| 0 eng d
020 _a9781589661325
050 _aBD222.D44 2007
100 _aDeely John
_951131
245 _aIntentionality and semiotics
_bA story of mutual fecundation
_cJohn Deely
260 _aChicago:
_bUniversity of Scranton Press,
_c2007.
300 _axxxiv, 241p. ;
_c23cm.
600 _a Thomas,Aquinas
650 _asubjectivity
_96385
942 _2lcc
_cMONOGRAPH
999 _c131202
_d131202